effect of biochar combined with different levels of compost on mung bean (vigna radiata (L) Wilczek ) in farmer filed condition at banan district battambang provice ប្រសិទ្ធភាពធ្យូងងង្កាមួយជីកំប៉ុស្តិ៍៍ក្នុងកម្រិតផ្សេងៗគ្ននៅលើដំណាំសណ្តែកបាយក្នុងលក្ខខណ្ឌស្រែកសិករ ស្រុកបាណន់ ខេត្តបាតើដំបង (Record no. 17989)

000 -LEADER
fixed length control field 00915nam a22001577a 4500
003 - CONTROL NUMBER IDENTIFIER
control field OSt
005 - DATE AND TIME OF LATEST TRANSACTION
control field 20190717105437.0
008 - FIXED-LENGTH DATA ELEMENTS--GENERAL INFORMATION
fixed length control field 190717b xxu||||| |||| 00| 0 eng d
040 ## - CATALOGING SOURCE
Transcribing agency RUA
082 ## - DEWEY DECIMAL CLASSIFICATION NUMBER
Classification number AGR CHA 2015 B635 Or.1
100 ## - MAIN ENTRY--PERSONAL NAME
9 (RLIN) 13654
Personal name CHAN VIBOL ចាន់វិបុល
245 ## - TITLE STATEMENT
Title effect of biochar combined with different levels of compost on mung bean (vigna radiata (L) Wilczek ) in farmer filed condition at banan district battambang provice ប្រសិទ្ធភាពធ្យូងងង្កាមួយជីកំប៉ុស្តិ៍៍ក្នុងកម្រិតផ្សេងៗគ្ននៅលើដំណាំសណ្តែកបាយក្នុងលក្ខខណ្ឌស្រែកសិករ ស្រុកបាណន់ ខេត្តបាតើដំបង
260 ## - PUBLICATION, DISTRIBUTION, ETC. (IMPRINT)
Place of publication, distribution, etc. RUA
Name of publisher, distributor, etc. phnom penh
Date of publication, distribution, etc. 2015
300 ## - PHYSICAL DESCRIPTION
Extent x;58p
Other physical details ill;
Dimensions 29cm
942 ## - ADDED ENTRY ELEMENTS (KOHA)
Source of classification or shelving scheme
Koha item type AGR
Holdings
Price effective from Date last seen Permanent Location Not for loan Date acquired Source of classification or shelving scheme Koha item type Lost status Withdrawn status Date last checked out Total Checkouts Shelving location Damaged status Barcode Current Location Full call number
2019-07-172019-07-17Library Block B 2019-07-17 AGR    B636 A40305Library Block BAGR CHA 2015 B636 Or.1
2019-07-172019-07-17Library Block B 2019-07-17 AGR    B636 A40475Library Block BAGR CHA 2015 B636 Or.2
2019-07-172019-09-13Library Block B 2019-07-17 AGR  2019-07-301B636 A41037Library Block BAGR CHA 2015 B636 Or.3
2019-07-172019-07-17Library Block B 2019-07-17 AGR    B636 A40878Library Block BAGR CHA 2015 B636Or.4
2019-07-172019-07-17Library Block B 2019-07-17 AGR    B636 A41028Library Block BAGR CHA 2015 B636 Or.5
2019-07-172019-07-17Library Block B 2019-07-17 AGR    B636 A40459Library Block BAGR CHA 2015 B636 Or.6
មជ្ឈមណ្ឌលឯការនៃសាកលវិទ្យាល័យភូមិន្ទកសិកម្មចំការដូង

Powered by Koha